MDQL
is popping MORE tags! Check the
thread
!
Quizzes
Events
Quiz Creation
Community
Videos
Private Events
Remove Ads
Sign In
Join for FREE
Feedback
Dark Mode
Quiz Categories
Sports
Geography
Music
Movies
Television
Just For Fun
Miscellaneous
History
Literature
Language
Science
Gaming
Entertainment
Religion
Holiday
For Kids
Quiz Lab
Recent
Popular Today
Quiz Kudos Today
Editor Picks
Curator Picks
Quizzes by...
Day
Popularity
Type
Ratings
Length
Year
Community
Subscriptions
Recent Discussions
Orange Saloon
Badges
Playlists
Quests
Create
Leaderboards
Showdown
Live 5
Trivia Bingo
Activity
Puzzle Library
Sporcle Events
Private Events
Virtual Trivia
Globe League
Become a Host
Pub Owners
SporcleCon
Opinionation
Our Games
Videos
Blog
Mobile Apps
Partnerships
Remove Ads and Go Orange
Feedback
Miscellaneous
Crossword
General Knowledge
Baby Names
Logo
Food
Cars
Numbers
Grab Bag
University
College
Popular
Company
Slogans
Restaurants
Justice
Letter
Miscellaneous
Crossword
General Knowledge
Baby Names
Logo
Food
Cars
Numbers
Grab Bag
University
College
Popular
Company
Slogans
Restaurants
Justice
Letter
Random Quiz
Search Sporcle
×
Quiz Lab
Quiz Lab
Miscellaneous
Baby Names
Type in answers that appear in a list
Type in answers that appear in a list
Classic
Best Score? Go Orange.
Baby names around the world - girls Stats
Can you name the top 10 girls names around the world?
By
debbiedoesnothin
10m
90 Questions
548 Plays
548 Plays
548 Plays
Comments
Comments
Give Quiz Kudos
Give Quiz Kudos
-
- Ratings
hide this ad
More Info
Replay
Link that replays current quiz
Next Quiz
Link to next quiz in quiz playlist
You Got
0%
They Got
Avg Score
59%
Avg Friend Score
Upgrade to see
Score Distribution
Jump to the score distribution portion of the page
Score
0/90
Timer
10:00
0
Plays Today
Country
Name
% Correct
Canada
Emma
94%
France
Emma
94%
Germany
Emma
94%
USA
Emma
94%
Australia
Emily
91.2%
Canada
Emily
91.2%
Germany
Emily
91.2%
Brazil
Maria Eduarda
90.9%
Russia
Maria
90.9%
Spain
Maria Jose
90.9%
Australia
Isabella
87.6%
Brazil
Isabella
87.6%
Spain
Isabella
87.6%
USA
Isabella
87.6%
Brazil
Sophia
86.9%
Canada
Sophia
86.9%
USA
Sophia
86.9%
Russia
Anna
86.5%
Australia
Olivia
84.9%
Canada
Olivia
84.9%
USA
Olivia
84.9%
Australia
Ava
83.2%
Canada
Ava
83.2%
USA
Ava
83.2%
Germany
Hannah
81.8%
India
Sara
80.1%
Spain
Sara
80.1%
Australia
Sophie
79%
Australia
Chloe
78.6%
Canada
Chloe
78.6%
Country
Name
% Correct
France
Chloe
78.6%
USA
Chloe
78.6%
France
Sarah
77.6%
Germany
Sarah
77.6%
Canada
Madison
75.9%
USA
Madison
75.9%
Australia
Mia
73.4%
Germany
Mia
73.4%
Brazil
Julia
73%
Australia
Lily
72.8%
Canada
Lily
72.8%
Germany
Lily
72.8%
USA
Lily
72.8%
Russia
Sofia
71.2%
Spain
Sofia
71.2%
Germany
Laura
69.5%
Russia
Eva
69.2%
Canada
Abigail
67.2%
USA
Abigail
67.2%
Australia
Charlotte
66.1%
Canada
Charlotte
66.1%
France
Lea
62%
Germany
Lea
62%
France
Clara
56.6%
Australia
Ruby
56.4%
USA
Addison
56.2%
Germany
Lena
46.5%
Brazil
Gabriela
45.8%
Spain
Gabriela
45.8%
France
Jade
45.1%
Country
Name
% Correct
France
Lola
42.3%
Spain
Daniella
40.1%
Russia
Anastasia
38.7%
Spain
Valeria
36.5%
France
Camille
34.7%
France
Manon
34.5%
Spain
Valentina
33.8%
Spain
Camila
33.6%
Germany
Leonie
32.1%
Brazil
Mariana
29.9%
Russia
Ekaterina
29.9%
Spain
Mariana
29.9%
Brazil
Beatriz
28.5%
France
Ines
27.4%
Brazil
Manuela
26.8%
Russia
Elizaveta
23%
Brazil
Giovanna
22.3%
Russia
Polina
21.9%
Russia
Daria
21.4%
Russia
Ksenia
21.4%
Brazil
Rafaela
20.3%
India
Ananya
17.9%
India
Riya
14.8%
India
Jiya
14.6%
India
Khushi
12.2%
India
Anika
9.9%
India
Aanya
9.7%
India
Aditi
8.8%
India
Anushka
8.2%
India
Saanvi
8%
Quiz Playlist
Details
Report
Send in Message
Add To Playlist
More Info:
The list was last updated in January 2011.
Classic:
Type in answers that appear in a list
Quiz Source
Last Updated: Feb 16, 2017
Quiz Scoreboard
CHALLENGE
Sign Up to Join the Scoreboard
Show All
Scores
Hide
Comments
May contain spoilers
Recently Published
Colored Red Africa Blitz
by spor1
Geography
30s
Find the 'City' Movie
by crazypaving
Movies
60s
5x2 Blitz: Bands
by SL_Kpop136
Music
30s
More to Explore
Quiz From the Vault
Featured Blog Post
14 Easter Pick-up Lines to Find Eggs With
hide this ad
You Might Also Like...
Tags
Baby Names Quiz
World Quiz
name
Today's Top Quizzes in Miscellaneous
Browse Miscellaneous
hide this ad
Today's Top Quizzes in Baby Names
Browse Baby Names
Top Contributed Quizzes in Miscellaneous
1
The JOE quick-fire general knowledge quiz: Day 174
2
5-to-1: Fast Food
3
9x9 Crossword: Disney Movie Titles
4
9x9 Crossword: Charlie and the Chocolate Factory
5
9x9 Crossword: Actors
6
9x9 Crossword: 2022 Movies
7
9x9 Crossword: The Simpsons
8
9x9 Crossword: Pixar Movie Titles
9
The JOE quick-fire general knowledge quiz: Day 173
10
9x9 Crossword: Flags
Explore More
Trending Topics
Kpop
Crossword
Disney
Harry Potter
Marvel
NBA
Anime
Pokémon
Soccer
WWE
The Office
Song
Puzzle
Country
NFL
hide this ad
More By:
debbiedoesnothin
Quiz
Plays
Rating
Category
Featured
Created
Did Julia Roberts Get the Guy?
38,183
4.30
Movies
Oct 18, 2013
Did Tom Hanks Find Love?
32,263
3.97
Movies
Oct 17, 2013
Missing Word: Songs About You
13,871
4.32
Just For Fun
Jun 5, 2013
Top Girl Names by Decade (clickable)
3,294
4.61
Miscellaneous
Dec 11, 2013
Most Hated Baby Names 2011
3,013
3.26
Miscellaneous
Jun 17, 2011
Go to Creator's Profile
Score Distribution
Quiz Creator Spotlight
debbiedoesnothin
Follow
Send a Message
Quizzes Created
-
Created Quiz Play Count
-
More By This Creator
Popular Quizzes Today
1
Colored Red Africa Blitz
2
Find the 'City' Movie
3
5x2 Blitz: Bands
4
Find the US States - No Outlines Minefield
5
The Countries of the World
6
Find the US States
7
US States
8
Find the Countries of Europe - No Outlines Minefield
More Miscellaneous Quizzes
'K' General Knowledge
Quiz Lab
Trending Quizzes
Colored Red Europe Blitz I
Colored Red Europe Blitz II
Colored Red Africa Blitz II
Colored Red Europe Blitz III
Colored Red Africa Blitz III
Recently Updated
How Do You Spell That?
pecheneg
Godzilla Movies
pecheneg
Grab Bag: 4-10 Letters
pecheneg
2024 March Madness Bracket
pecheneg
Famous TV Couples
Peacemaker
Champions League XIs: Real Madrid
pecheneg
Largest US Cities 1790-2010
pecheneg
Rides in Walt Disney World
pecheneg
Most Oscar Losses (Acting)
pecheneg
Beyoncé Albums
pecheneg
Trending Topics
NBA
Disney
Marvel
Harry Potter
Kpop
Crossword
Anime
Song
Soccer
Puzzle
Country
Pokémon
WWE
NFL
The Office
Your Account Isn't Verified!
In order to create a playlist on Sporcle, you need to verify the email address you used during registration. Go to your
Sporcle Settings
to finish the process.
Report this User
Report this user for behavior that violates our
Community Guidelines
.
Details:
Send Report
Go to the Sporcle.com Mobile Site →
Comments